[Event "XXVI Ogolnopolska Olimpiada Mlodziezy"]
[Site "Pulawy"]
[Date "2020.10.05"]
[Round "1.24"]
[White "Ptaszynski, Szymon"]
[Black "Glaz, Michal"]
[Result "1-0"]
[WhiteElo "1518"]
[BlackElo "1180"]
[PlyCount "105"]
[EventDate "2020.10.04"]
[EventType "swiss"]
[Tiebreak "Sum of Buchholz+Median1 Buchholz+Sonneborn-Berger (Swiss)"]

1. c4 e5 2. g3 g6 3. Bg2 Bg7 4. Nc3 Nc6 5. e3 d6 6. d3 f5 7. Nge2 Nf6 8. O-O
O-O 9. Rb1 Rb8 10. b3 Kh8 11. Ba3 Re8 12. Qc2 Bd7 13. Rbc1 a6 14. Nd5 Ne7 15.
Nxf6 Bxf6 16. Nc3 Bc6 17. Nd5 Bg7 18. Rfd1 Qd7 19. Bb2 Bxd5 20. cxd5 Rec8 21.
Qc4 c6 22. Qa4 Qd8 23. dxc6 Nxc6 24. Bxc6 bxc6 25. Rxc6 Rxc6 26. Qxc6 Rc8 27.
Qxa6 Ra8 28. Qb7 Rxa2 29. Rc1 Ra8 30. Rc7 Rb8 31. Qc6 Qe8 32. Qxe8+ Rxe8 33.
Rd7 Bf8 34. f4 Kg8 35. fxe5 dxe5 36. Rd5 Bg7 37. b4 Rb8 38. b5 Kf7 39. Rd7+ Kg8
40. Rxg7+ Kf8 41. Rxh7 Rxb5 42. Ba3+ Kg8 43. Rd7 Rb3 44. Bc5 Rc3 45. Rd5 e4 46.
dxe4 fxe4 47. Re5 Kf7 48. Bd4 Rc2 49. Rxe4 g5 50. Re5 Kg6 51. g4 Re2 52. Re6+
Kf7 53. Rf6+ 1-0

[Event "XXVI Ogolnopolska Olimpiada Mlodziezy"]
[Site "Pulawy"]
[Date "2020.10.05"]
[Round "1.25"]
[White "Kuczynski, Michal"]
[Black "Ciszewski, Krzysztof"]
[Result "0-1"]
[WhiteElo "1341"]
[BlackElo "1784"]
[PlyCount "149"]
[EventDate "2020.10.04"]
[EventType "swiss"]
[Tiebreak "Sum of Buchholz+Median1 Buchholz+Sonneborn-Berger (Swiss)"]

1. e4 c5 2. Nf3 d6 3. d4 cxd4 4. Nxd4 Nf6 5. Nc3 a6 6. f3 e5 7. Nb3 Be7 8. Be3
Be6 9. Qd2 O-O 10. O-O-O Qc7 11. g4 Rc8 12. g5 Nh5 13. h4 b5 14. Nd5 Bxd5 15.
exd5 Nd7 16. Bh3 Bd8 17. Na5 Qxa5 18. Qxa5 Bxa5 19. Bxd7 Rf8 20. Rhg1 Rab8 21.
Rg2 Bb6 22. Bd2 Rb7 23. Bg4 Nf4 24. Bxf4 exf4 25. h5 Re7 26. g6 hxg6 27. hxg6
f5 28. Rh2 Rf6 29. Rdh1 Rxg6 30. Rh8+ Kf7 31. Bh5 Re5 32. Bxg6+ Kxg6 33. Ra8
Rxd5 34. Rxa6 Bc5 35. a3 Kf6 36. b4 Be3+ 37. Kb2 g5 38. Ra8 g4 39. Rh2 gxf3 40.
Rh1 Rd2 41. Rf1 Rf2 42. Rxf2 Bxf2 43. Rh8 Bd4+ 44. c3 f2 45. Rh1 Be3 46. Kc2
Ke5 47. Kd3 Kd5 48. Rf1 Ba7 49. Rh1 f3 50. Rb1 Ke5 51. c4 bxc4+ 52. Kc2 Ke4 53.
a4 Ke3 54. a5 Ke2 55. b5 f1=Q 56. Rxf1 Kxf1 57. b6 Bb8 58. a6 Kg1 59. a7 Bxa7
60. bxa7 f2 61. a8=Q f1=Q 62. Qh8 Qe2+ 63. Kc1 Kf2 64. Qh2+ Ke3 65. Qxd6 f4 66.
Qa3+ Kf2 67. Qd6 Qe3+ 68. Kb2 f3 69. Qh2+ Ke1 70. Qh1+ Ke2 71. Qh2+ f2 72. Qh4
f1=Q 73. Qxc4+ Ke1 74. Qc6 Qff2+ 75. Ka1 0-1

[Event "XXVI Ogolnopolska Olimpiada Mlodziezy"]
[Site "Pulawy"]
[Date "2020.10.05"]
[Round "1.25"]
[White "Tarlowski, Bartosz"]
[Black "Jozwik, Michal"]
[Result "0-1"]
[WhiteElo "1145"]
[BlackElo "1466"]
[PlyCount "64"]
[EventDate "2020.10.04"]
[EventType "swiss"]
[Tiebreak "Sum of Buchholz+Median1 Buchholz+Sonneborn-Berger (Swiss)"]

1. d4 Nf6 2. c4 e6 3. Nc3 Bb4 4. Bd2 Nc6 5. Nf3 Bxc3 6. Bxc3 Ne4 7. e3 Nxc3 8.
bxc3 d6 9. Bd3 Qe7 10. d5 Nb8 11. O-O e5 12. e4 Bg4 13. h3 Bxf3 14. Qxf3 Nd7
15. Qg3 O-O-O 16. c5 Nxc5 17. Qg4+ Kb8 18. Qe2 g5 19. f3 h5 20. Rab1 Rdg8 21.
g3 g4 22. h4 gxf3 23. Rxf3 Qxh4 24. Kg2 Qg4 25. Bc2 h4 26. Qe3 hxg3 27. Rxg3
Qh4 28. Rxg8+ Rxg8+ 29. Kf1 Qh1+ 30. Ke2 Rg2+ 31. Qf2 Rxf2+ 32. Kxf2 Qh2+ 0-1

[Event "XXVI Ogolnopolska Olimpiada Mlodziezy"]
[Site "Pulawy"]
[Date "2020.10.05"]
[Round "1.26"]
[White "Bochniak, Franciszek"]
[Black "Gawlik, Olivier"]
[Result "1-0"]
[WhiteElo "1458"]
[BlackElo "1115"]
[PlyCount "103"]
[EventDate "2020.10.04"]
[EventType "swiss"]
[Tiebreak "Sum of Buchholz+Median1 Buchholz+Sonneborn-Berger (Swiss)"]

1. d4 d5 2. c4 e6 3. Nc3 Nf6 4. Bg5 Nbd7 5. Nf3 c6 6. e3 Qa5 7. cxd5 Nxd5 8.
Qb3 Bb4 9. Rc1 N7b6 10. e4 Nxc3 11. bxc3 Ba3 12. Rb1 e5 13. Bd2 Be6 14. c4 Qa4
15. d5 cxd5 16. Qxa4+ Nxa4 17. cxd5 Bd7 18. Nxe5 Nc5 19. Nc4 Nxe4 20. Nxa3 O-O
21. f3 Nc5 22. Bb4 Rfe8+ 23. Kf2 Rac8 24. Nb5 a5 25. Bd2 Bxb5 26. Bxb5 Red8 27.
Be3 Rxd5 28. Rhd1 Rxd1 29. Rxd1 h6 30. Rc1 Nd3+ 31. Bxd3 Rxc1 32. Bxc1 Kf8 33.
Be4 b5 34. Bd2 b4 35. a3 bxa3 36. Bxa5 Ke7 37. Bb4+ Ke6 38. Bxa3 f5 39. Bc2 Kf6
40. Bb2+ Kg6 41. g4 Kf7 42. gxf5 Kg8 43. Bb3+ Kh7 44. Bf7 Kh8 45. Ke3 Kh7 46.
Ke4 Kh8 47. Kd5 Kh7 48. Ke6 Kh8 49. Ke7 Kh7 50. Kf8 h5 51. Bg6+ Kh6 52. Bc1#
1-0

[Event "XXVI Ogolnopolska Olimpiada Mlodziezy"]
[Site "Pulawy"]
[Date "2020.10.05"]
[Round "1.26"]
[White "Krupinski, Mikolaj"]
[Black "Drzewiecki, Milosz"]
[Result "1-0"]
[WhiteElo "1776"]
[BlackElo "1246"]
[PlyCount "24"]
[EventDate "2020.10.04"]
[EventType "swiss"]
[Tiebreak "Sum of Buchholz+Median1 Buchholz+Sonneborn-Berger (Swiss)"]

1. e4 Nc6 2. d4 d5 3. exd5 Qxd5 4. Nf3 Bg4 5. Be2 O-O-O 6. Be3 Nf6 7. Nc3 Qh5
8. h3 e5 9. O-O exd4 10. hxg4 Nxg4 11. Bf4 dxc3 12. Nd4 Qh4 1-0

[Event "XXVI Ogolnopolska Olimpiada Mlodziezy"]
[Site "Pulawy"]
[Date "2020.10.06"]
[Round "2.1"]
[White "Klimkowski, Jan"]
[Black "Rog, Bartlomiej"]
[Result "1-0"]
[WhiteElo "2298"]
[BlackElo "1906"]
[PlyCount "65"]
[EventDate "2020.10.04"]
[EventType "swiss"]
[Tiebreak "Sum of Buchholz+Median1 Buchholz+Sonneborn-Berger (Swiss)"]

1. d4 f5 2. g3 Nf6 3. Bg2 e6 4. Nf3 Be7 5. O-O O-O 6. c4 d6 7. b3 Ne4 8. Qc2
Bf6 9. Nbd2 Nxd2 10. Bxd2 e5 11. dxe5 dxe5 12. e4 Nc6 13. Rad1 fxe4 14. Qxe4
Qe8 15. Bc3 Qh5 16. Rfe1 Re8 17. Nh4 Bg4 18. Bf3 Bxf3 19. Nxf3 Kh8 20. Rd5 Re6
21. b4 Qe8 22. b5 Ne7 23. Rdd1 Ng6 24. Qxb7 e4 25. Bxf6 gxf6 26. Nd4 Re7 27.
Nc6 Re6 28. Qxc7 e3 29. f3 Rc8 30. Qd7 Qg8 31. Nd8 Rxd8 32. Qxd8 Re8 33. Qxf6+
1-0

[Event "XXVI Ogolnopolska Olimpiada Mlodziezy"]
[Site "Pulawy"]
[Date "2020.10.06"]
[Round "2.1"]
[White "Seemann, Jakub"]
[Black "Karp, Kacper"]
[Result "1-0"]
[WhiteElo "2339"]
[BlackElo "1562"]
[PlyCount "51"]
[EventDate "2020.10.04"]
[EventType "swiss"]
[Tiebreak "Sum of Buchholz+Median1 Buchholz+Sonneborn-Berger (Swiss)"]

1. e4 c5 2. Nf3 Nc6 3. d4 cxd4 4. Nxd4 g6 5. c4 Bg7 6. Be3 Nf6 7. Nc3 O-O 8.
Be2 d6 9. f3 Bd7 10. Qd2 Nxd4 11. Bxd4 Bc6 12. O-O-O a6 13. h4 b5 14. h5 Qa5
15. Kb1 Rfc8 16. Qg5 Rab8 17. hxg6 hxg6 18. cxb5 axb5 19. Bc4 e5 20. Rh8+ Kxh8
21. Bxf7 Nh7 22. Rh1 Qd8 23. Rxh7+ Kxh7 24. Qxg6+ Kh8 25. Qh5+ Bh6 26. Qxh6#
1-0

[Event "XXVI Ogolnopolska Olimpiada Mlodziezy"]
[Site "Pulawy"]
[Date "2020.10.06"]
[Round "2.1"]
[White "Starosta, Martyna"]
[Black "Janikowska, Wiktoria"]
[Result "1-0"]
[WhiteElo "2046"]
[BlackElo "1580"]
[PlyCount "87"]
[EventDate "2020.10.04"]
[EventType "swiss"]
[Tiebreak "Sum of Buchholz+Median1 Buchholz+Sonneborn-Berger (Swiss)"]

1. e4 c5 2. Nf3 e6 3. d4 cxd4 4. Nxd4 Nf6 5. Nc3 d6 6. Be3 a6 7. Bd3 Qc7 8. O-O
Be7 9. f4 Nc6 10. a3 O-O 11. Kh1 Nxd4 12. Bxd4 e5 13. Be3 exf4 14. Bxf4 Be6 15.
Qf3 Qc5 16. Rae1 Rfe8 17. e5 dxe5 18. Bxe5 Ng4 19. Bg3 Qb6 20. Na4 Qc6 21. Qxc6
bxc6 22. Be4 Ra7 23. Bxc6 Rc8 24. Be4 Nf6 25. Bd3 Nh5 26. Bf2 Rac7 27. Bb6 Rd7
28. b4 Nf6 29. Bc5 Bxc5 30. Nxc5 Rd6 31. Nxa6 Ra8 32. Nc7 Rad8 33. a4 Nd5 34.
Nxd5 Bxd5 35. a5 g6 36. b5 Ra8 37. Ra1 Be6 38. b6 Bc8 39. Be4 Rb8 40. a6 Bxa6
41. Rxa6 Rdxb6 42. Rxb6 Rxb6 43. c4 Rb4 44. Bd5 1-0

[Event "XXVI Ogolnopolska Olimpiada Mlodziezy"]
[Site "Pulawy"]
[Date "2020.10.06"]
[Round "2.1"]
[White "Szczotka, Klara"]
[Black "Zgoda, Aleksandra"]
[Result "1-0"]
[WhiteElo "1959"]
[BlackElo "1268"]
[PlyCount "51"]
[EventDate "2020.10.04"]
[EventType "swiss"]
[Tiebreak "Sum of Buchholz+Median1 Buchholz+Sonneborn-Berger (Swiss)"]

1. e4 c5 2. Nf3 e6 3. g3 Nc6 4. Bg2 Nf6 5. Qe2 d6 6. O-O Be7 7. c3 O-O 8. Rd1
Qc7 9. d4 d5 10. Nbd2 a6 11. e5 Nd7 12. Nf1 b5 13. Bf4 Bb7 14. Rac1 Rfc8 15. h4
h6 16. N1h2 Nf8 17. Bh3 Ng6 18. Be3 c4 19. Qc2 a5 20. Bxe6 Ngxe5 21. Bxc8 Nxf3+
22. Nxf3 Bxc8 23. Bf4 Bd6 24. Bxd6 Qxd6 25. Re1 Qf6 26. Re8# 1-0

[Event "XXVI Ogolnopolska Olimpiada Mlodziezy"]
[Site "Pulawy"]
[Date "2020.10.06"]
[Round "2.2"]
[White "Duda, Szymon"]
[Black "Krawczyk, Flawian"]
[Result "0-1"]
[WhiteElo "1529"]
[BlackElo "2114"]
[PlyCount "110"]
[EventDate "2020.10.04"]
[EventType "swiss"]
[Tiebreak "Sum of Buchholz+Median1 Buchholz+Sonneborn-Berger (Swiss)"]

1. d4 Nf6 2. Nf3 c5 3. c3 d5 4. Bf4 Nc6 5. e3 e6 6. Bd3 Be7 7. Nbd2 O-O 8. O-O
h6 9. Re1 Bd6 10. Bg3 Bxg3 11. hxg3 Qd6 12. dxc5 Qxc5 13. Nb3 Qb6 14. c4 Rd8
15. Qe2 dxc4 16. Bxc4 e5 17. e4 Bg4 18. Qe3 Qxe3 19. Rxe3 Rac8 20. Rc1 Bh5 21.
a3 a6 22. Ree1 Kf8 23. Kf1 Rc7 24. Kg1 g5 25. Bf1 Rcc8 26. Kh1 g4 27. Nh4 Nd4
28. Rxc8 Rxc8 29. Nxd4 exd4 30. Bd3 Re8 31. f4 gxf3 32. gxf3 Nd7 33. g4 Bg6 34.
Nxg6+ fxg6 35. Kg2 Ne5 36. Rd1 g5 37. Kg3 Kg7 38. Be2 Rd8 39. f4 Ng6 40. fxg5
hxg5 41. Bc4 Nf4 42. a4 Kf6 43. Kf3 Ke5 44. a5 Rh8 45. Bf1 Rh2 46. b4 Rb2 47.
Rc1 Rb3+ 48. Kf2 Kxe4 49. Bc4 Rb2+ 50. Kf1 d3 51. Bg8 Kf3 52. Rd1 Rf2+ 53. Kg1
Ne2+ 54. Kh1 Ng3+ 55. Kg1 Rg2# 0-1

[Event "XXVI Ogolnopolska Olimpiada Mlodziezy"]
[Site "Pulawy"]
[Date "2020.10.06"]
[Round "2.2"]
[White "Moczala, Maja"]
[Black "Seemann, Pola"]
[Result "0-1"]
[WhiteElo "1252"]
[BlackElo "1566"]
[PlyCount "68"]
[EventDate "2020.10.04"]
[EventType "swiss"]
[Tiebreak "Sum of Buchholz+Median1 Buchholz+Sonneborn-Berger (Swiss)"]

1. e4 c5 2. Nc3 Nc6 3. g3 d6 4. Bg2 g6 5. d3 Bg7 6. Be3 Rb8 7. a4 a6 8. Qd2 b5
9. axb5 axb5 10. Rb1 b4 11. Nce2 Nd4 12. f4 b3 13. Bxd4 bxc2 14. Qxc2 cxd4 15.
Nf3 Qa5+ 16. Kf2 e5 17. Rhc1 Nf6 18. h3 O-O 19. Qd2 Qxd2 20. Nxd2 Nd7 21. b4
Nb6 22. Nc4 Nxc4 23. dxc4 Be6 24. fxe5 dxe5 25. c5 Bh6 26. Rd1 Be3+ 27. Ke1 Bc4
28. Nc1 Ra8 29. Nd3 f6 30. Nf2 Ra2 31. Ng4 Rxg2 32. Nxe3 dxe3 33. Rd3 Bxd3 34.
Ra1 Rg1# 0-1

[Event "XXVI Ogolnopolska Olimpiada Mlodziezy"]
[Site "Pulawy"]
[Date "2020.10.06"]
[Round "2.2"]
[White "Tokarz, Izabela"]
[Black "Siekanska, Maria"]
[Result "1-0"]
[WhiteElo "1549"]
[BlackElo "1916"]
[PlyCount "87"]
[EventDate "2020.10.04"]
[EventType "swiss"]
[Tiebreak "Sum of Buchholz+Median1 Buchholz+Sonneborn-Berger (Swiss)"]

1. d4 d5 2. c4 e6 3. Nc3 c5 4. cxd5 exd5 5. Nf3 Nc6 6. g3 Nf6 7. Bg2 Be7 8. O-O
O-O 9. Bg5 cxd4 10. Nxd4 h6 11. Bf4 Bg4 12. h3 Be6 13. Rc1 Qd7 14. g4 Nh7 15.
Bg3 h5 16. Nxe6 fxe6 17. e3 Kh8 18. Ne2 Bd6 19. Bxd6 Qxd6 20. Nf4 Rxf4 21. exf4
Qxf4 22. Rc3 Nd4 23. Rd3 e5 24. Bxd5 Ng5 25. Bg2 Rf8 26. h4 Ne4 27. Rxd4 exd4
28. Qxd4 Nd2 29. Qxf4 Rxf4 30. Rd1 Nc4 31. b3 Ne5 32. gxh5 Rxh4 33. Bxb7 Rxh5
34. Rd8+ Kh7 35. Be4+ Kh6 36. Rh8+ Kg5 37. f4+ Kxf4 38. Rxh5 Kxe4 39. Rh7 a5
40. Rxg7 Kd4 41. Rc7 Kd5 42. Rc1 Kd4 43. Kf1 Nd3 44. Rc4+ 1-0

[Event "XXVI Ogolnopolska Olimpiada Mlodziezy"]
[Site "Pulawy"]
[Date "2020.10.06"]
[Round "2.2"]
[White "Wiatrowski, Zbigniew"]
[Black "Chyzy, Jakub"]
[Result "0-1"]
[WhiteElo "1849"]
[BlackElo "2250"]
[PlyCount "94"]
[EventDate "2020.10.04"]
[EventType "swiss"]
[Tiebreak "Sum of Buchholz+Median1 Buchholz+Sonneborn-Berger (Swiss)"]

1. e4 e6 2. d4 d5 3. exd5 exd5 4. Nf3 Nc6 5. Bb5 Bd6 6. O-O Nge7 7. c4 dxc4 8.
Nc3 O-O 9. h3 Na5 10. Qe2 a6 11. Bxc4 Nxc4 12. Qxc4 b5 13. Qe2 Re8 14. Re1 Bb7
15. Bd2 Ng6 16. Qd3 Qd7 17. Rad1 c5 18. Ne4 c4 19. Qb1 Bf8 20. Ne5 Nxe5 21.
dxe5 Rxe5 22. Ng5 Rf5 23. Be3 Qc6 24. f3 Qg6 25. h4 h6 26. h5 Qf6 27. Rd7 hxg5
28. Rxb7 Re5 29. Rd7 Rae8 30. Bf2 Rxe1+ 31. Bxe1 Bc5+ 32. Bf2 Qe6 33. Rd1 Bxf2+
34. Kxf2 g4 35. fxg4 Qxg4 36. Qc2 Qxh5 37. Qd2 Qc5+ 38. Kg3 Qe3+ 39. Qxe3 Rxe3+
40. Kf2 Rd3 41. Rxd3 cxd3 42. Ke3 Kf8 43. Kxd3 Ke7 44. Ke4 Ke6 45. b4 f5+ 46.
Kd4 Kd6 47. g3 g6 0-1

[Event "XXVI Ogolnopolska Olimpiada Mlodziezy"]
[Site "Pulawy"]
[Date "2020.10.06"]
[Round "2.3"]
[White "Banasiak, Adrianna"]
[Black "Lazniewska, Zofia"]
[Result "1/2-1/2"]
[WhiteElo "1216"]
[BlackElo "1506"]
[PlyCount "65"]
[EventDate "2020.10.04"]
[EventType "swiss"]
[Tiebreak "Sum of Buchholz+Median1 Buchholz+Sonneborn-Berger (Swiss)"]

1. c4 e6 2. Nc3 d5 3. e3 Nf6 4. g3 c6 5. cxd5 exd5 6. d4 Bd6 7. Bg2 O-O 8. Nf3
Bf5 9. O-O Qc8 10. b3 Bh3 11. Bb2 Bxg2 12. Kxg2 Nbd7 13. Rc1 Qd8 14. Na4 Qe7
15. Qc2 Ne4 16. Nc3 Nxc3 17. Qxc3 Nf6 18. Qd3 Qe4 19. Qxe4 Nxe4 20. a3 Rfe8 21.
b4 Rac8 22. Rfd1 h6 23. Nd2 Nxd2 24. Rxd2 Ra8 25. Rdc2 Kf8 26. Rb1 a6 27. Bc1
Rac8 28. a4 h5 29. Bd2 Rc7 30. Rbc1 Rec8 31. f3 f5 32. Rb1 Ra8 33. Rbc1 1/2-1/2

[Event "XXVI Ogolnopolska Olimpiada Mlodziezy"]
[Site "Pulawy"]
[Date "2020.10.06"]
[Round "2.3"]
[White "Fiszer, Bartosz"]
[Black "Paszkowski, Krystian"]
[Result "1-0"]
[WhiteElo "2225"]
[BlackElo "1889"]
[PlyCount "85"]
[EventDate "2020.10.04"]
[EventType "swiss"]
[Tiebreak "Sum of Buchholz+Median1 Buchholz+Sonneborn-Berger (Swiss)"]

1. e4 c5 2. Nf3 e6 3. d4 cxd4 4. Nxd4 a6 5. c4 Nf6 6. Nc3 Bb4 7. Qd3 Qc7 8. a3
Bxc3+ 9. Qxc3 d6 10. Qg3 O-O 11. Bd3 Nbd7 12. O-O Nc5 13. Re1 e5 14. Nf5 Bxf5
15. exf5 Nxd3 16. Qxd3 e4 17. Qc3 Qc5 18. Bg5 Ng4 19. Qg3 Qxf5 20. Be7 Rfe8 21.
Bxd6 Re6 22. Rad1 Rae8 23. Rd5 Qf6 24. Qxg4 Rxd6 25. Rxe4 Rde6 26. Rxe6 Rxe6
27. g3 h6 28. h4 Re8 29. Qd7 Re2 30. Rf5 Qe6 31. Qd8+ Kh7 32. Qd3 Re1+ 33. Kg2
g6 34. Rd5 Qf6 35. Rd7 Qc6+ 36. Qd5 Kg8 37. Rxb7 Qe8 38. Rd7 Kg7 39. Qd4+ Kh7
40. b4 Re4 41. Qd5 Kg7 42. Rxf7+ Qxf7 43. Qxe4 1-0

[Event "XXVI Ogolnopolska Olimpiada Mlodziezy"]
[Site "Pulawy"]
[Date "2020.10.06"]
[Round "2.3"]
[White "Raczek, Krzysztof"]
[Black "Ptaszynski, Szymon"]
[Result "0-1"]
[WhiteElo "1782"]
[BlackElo "1518"]
[PlyCount "106"]
[EventDate "2020.10.04"]
[EventType "swiss"]
[Tiebreak "Sum of Buchholz+Median1 Buchholz+Sonneborn-Berger (Swiss)"]

1. e4 c5 2. Nf3 e6 3. d4 cxd4 4. Nxd4 a6 5. Bd3 Nf6 6. c4 Nc6 7. Be3 Qc7 8. O-O
Ne5 9. h3 b6 10. f4 Nxd3 11. Qxd3 d6 12. Nd2 Bb7 13. a4 g6 14. a5 bxa5 15. N4b3
Bg7 16. Nxa5 O-O 17. Nxb7 Qxb7 18. Bd4 Rfe8 19. Qc3 e5 20. fxe5 dxe5 21. Bf2
Nxe4 22. Qf3 Nd6 23. c5 Qxf3 24. gxf3 Nb5 25. Nc4 Re6 26. Nb6 Ra7 27. Rfe1 f5
28. Rad1 Rc6 29. Rd8+ Kf7 30. Nc4 Re6 31. Kg2 h6 32. f4 e4 33. Red1 Bf6 34. Rb8
g5 35. Be3 Rc7 36. b4 Rce7 37. Rb6 gxf4 38. Bxf4 Bg5 39. Bd6 Nxd6 40. Nxd6+ Kg6
41. Re1 Bf4 42. Nc8 Re8 43. Ra1 e3 44. Kf3 Bc7 45. Rxe6+ Rxe6 46. Ke2 f4 47.
Kf3 Kf5 48. b5 axb5 49. Na7 Be5 50. Rg1 Bd4 51. Nxb5 Bxc5 52. Nc3 e2 53. Re1
Re3+ 0-1

[Event "XXVI Ogolnopolska Olimpiada Mlodziezy"]
[Site "Pulawy"]
[Date "2020.10.06"]
[Round "2.3"]
[White "Uliasz, Katarzyna"]
[Black "Zabrzanska, Weronika"]
[Result "0-1"]
[WhiteElo "1495"]
[BlackElo "1830"]
[PlyCount "140"]
[EventDate "2020.10.04"]
[EventType "swiss"]
[Tiebreak "Sum of Buchholz+Median1 Buchholz+Sonneborn-Berger (Swiss)"]

1. e4 e5 2. Nf3 Nc6 3. d4 exd4 4. Nxd4 Bc5 5. Be3 Qf6 6. c3 Nge7 7. g3 h5 8. h3
h4 9. g4 Ng6 10. Bg2 Nf4 11. Bxf4 Qxf4 12. O-O Bd6 13. Re1 Qh2+ 14. Kf1 b6 15.
Nxc6 Ba6+ 16. Re2 dxc6 17. Nd2 Bxe2+ 18. Qxe2 O-O 19. Nf3 Qf4 20. Nxh4 Rad8 21.
Nf3 Bc5 22. b4 Be7 23. Re1 c5 24. b5 Qd6 25. c4 Rfe8 26. e5 Qd3 27. e6 Bf6 28.
Qxd3 Rxd3 29. g5 Bc3 30. exf7+ Kxf7 31. g6+ Kf8 32. Rc1 Bb2 33. Rb1 Rc3 34. Ng5
Rc1+ 35. Rxc1 Bxc1 36. Nh7+ Ke7 37. Bd5 Rd8 38. Kg2 Rd6 39. Bf7 c6 40. a4 cxb5
41. axb5 Rd3 42. Bd5 Ra3 43. h4 a5 44. bxa6 Rxa6 45. h5 Ra4 46. Kg3 Bh6 47. f4
b5 48. cxb5 Rxf4 49. b6 Kd8 50. Bf7 c4 51. Nf8 c3 52. Ne6+ Kc8 53. Nc5 c2 54.
b7+ Kb8 55. Bd5 Rf8 56. Nb3 c1=Q 57. Nxc1 Bxc1 58. Kg4 Bh6 59. Kg3 Rf5 60. Bf3
Rxf3+ 61. Kxf3 Kxb7 62. Ke4 Kc6 63. Ke5 Kc5 64. Ke6 Kd4 65. Kf5 Ke3 66. Ke5 Kf3
67. Kf5 Kg3 68. Ke4 Kg4 69. Ke5 Kxh5 70. Kf5 Bg5 0-1

[Event "XXVI Ogolnopolska Olimpiada Mlodziezy"]
[Site "Pulawy"]
[Date "2020.10.06"]
[Round "2.4"]
[White "Dallemura, Anna"]
[Black "Szopa, Emilia"]
[Result "1/2-1/2"]
[WhiteElo "1420"]
[BlackElo "1790"]
[PlyCount "120"]
[EventDate "2020.10.04"]
[EventType "swiss"]
[Tiebreak "Sum of Buchholz+Median1 Buchholz+Sonneborn-Berger (Swiss)"]

1. e4 c5 2. Nf3 Nc6 3. d4 cxd4 4. Nxd4 Nf6 5. Nc3 e5 6. Ndb5 d6 7. Na3 Bg4 8.
Be2 Bxe2 9. Qxe2 d5 10. Bg5 Qa5 11. Bd2 Bxa3 12. bxa3 Nd4 13. Qd3 Qc5 14. Rc1
O-O 15. O-O Rac8 16. Rfe1 dxe4 17. Nxe4 Qc6 18. Bb4 Rfd8 19. Be7 Nxe4 20. Qxe4
Qxe4 21. Rxe4 Rd7 22. Bb4 Rxc2 23. Rxc2 Nxc2 24. h3 Nxb4 25. axb4 Rd1+ 26. Kh2
f6 27. Rc4 Rd7 28. Kg3 Kf7 29. Kf3 Ke6 30. Ke3 f5 31. g3 Kd6 32. Rc3 Rc7 33.
Rd3+ Ke6 34. a3 g5 35. a4 Rc4 36. Rb3 e4 37. f4 h6 38. g4 fxg4 39. hxg4 Kf6 40.
a5 gxf4+ 41. Kxf4 Ke6 42. b5 Kd5 43. Rh3 Kc5 44. Rxh6 Kxb5 45. Rh5+ Ka6 46. g5
Kxa5 47. g6+ b5 48. Rg5 e3+ 49. Kxe3 Rc8 50. Kd3 Ka4 51. g7 Rg8 52. Kc2 Kb4 53.
Kb2 a5 54. Rg4+ Kc5 55. Kb3 a4+ 56. Ka3 Kd5 57. Kb4 Ke5 58. Kxb5 a3 59. Ra4
Rxg7 60. Rxa3 Rb7+ 1/2-1/2

[Event "XXVI Ogolnopolska Olimpiada Mlodziezy"]
[Site "Pulawy"]
[Date "2020.10.06"]
[Round "2.4"]
[White "Krasniewski, Maciej"]
[Black "Bartodziej, Bartosz"]
[Result "1-0"]
[WhiteElo "1525"]
[BlackElo "1775"]
[PlyCount "63"]
[EventDate "2020.10.04"]
[EventType "swiss"]
[Tiebreak "Sum of Buchholz+Median1 Buchholz+Sonneborn-Berger (Swiss)"]

1. e4 c5 2. Nf3 d6 3. d4 cxd4 4. Nxd4 Nf6 5. Nc3 a6 6. a4 e5 7. Nf3 Be7 8. Bc4
Be6 9. Qe2 Qd7 10. Bg5 Qc7 11. Bb3 Nbd7 12. Bxf6 Nxf6 13. Ng5 Bxb3 14. cxb3 Rc8
15. O-O O-O 16. Nf3 Qb6 17. Nd2 Qb4 18. a5 Qc5 19. Nc4 Rcd8 20. Nb6 Nd7 21.
Ncd5 Rfe8 22. Rfc1 Qb5 23. Qxb5 axb5 24. Rc7 Nxb6 25. axb6 Bg5 26. Rxb7 Rc8 27.
Rc7 Rb8 28. Raa7 Rf8 29. g3 Bd8 30. Rc6 f5 31. b7 Bg5 32. Nb6 1-0

[Event "XXVI Ogolnopolska Olimpiada Mlodziezy"]
[Site "Pulawy"]
[Date "2020.10.06"]
[Round "2.4"]
[White "Paprocki, Antoni"]
[Black "Madej, Marek"]
[Result "1-0"]
[WhiteElo "2031"]
[BlackElo "1835"]
[PlyCount "47"]
[EventDate "2020.10.04"]
[EventType "swiss"]
[Tiebreak "Sum of Buchholz+Median1 Buchholz+Sonneborn-Berger (Swiss)"]

1. d4 Nf6 2. c4 e6 3. g3 c5 4. d5 exd5 5. cxd5 d6 6. Nc3 g6 7. Bg2 Bg7 8. Nf3
O-O 9. O-O Re8 10. Re1 a6 11. a4 Nbd7 12. e4 Rb8 13. Bf4 Qc7 14. e5 dxe5 15.
Nxe5 Nxe5 16. d6 Qb6 17. Bxe5 Bd7 18. Qd2 Ne4 19. Rxe4 Bxe5 20. Rae1 Qxd6 21.
Qxd6 Bxd6 22. Rd1 Rxe4 23. Nxe4 Bxg3 24. Nf6+ 1-0

[Event "XXVI Ogolnopolska Olimpiada Mlodziezy"]
[Site "Pulawy"]
[Date "2020.10.06"]
[Round "2.5"]
[White "Borowik, Wojciech"]
[Black "Bochniak, Franciszek"]
[Result "1/2-1/2"]
[WhiteElo "1759"]
[BlackElo "1458"]
[PlyCount "71"]
[EventDate "2020.10.04"]
[EventType "swiss"]
[Tiebreak "Sum of Buchholz+Median1 Buchholz+Sonneborn-Berger (Swiss)"]

1. d4 Nf6 2. c4 e6 3. Nf3 b6 4. e3 Bb4+ 5. Nbd2 Bb7 6. a3 Bxd2+ 7. Qxd2 Ne4 8.
Qc2 O-O 9. Be2 f5 10. O-O d6 11. b4 a5 12. Bb2 Nd7 13. d5 e5 14. Rfd1 Qe7 15.
Nd2 Nxd2 16. Qxd2 axb4 17. axb4 Rxa1 18. Rxa1 Ra8 19. Rxa8+ Bxa8 20. Qc2 Qf8
21. Qa4 Nf6 22. Qa7 Qc8 23. Bd3 g6 24. Kf1 Qb7 25. Qxb7 Bxb7 26. f3 b5 27. c5
Nxd5 28. cxd6 cxd6 29. Bxb5 Nxb4 30. Ba3 Nc2 31. Bxd6 Nxe3+ 32. Kf2 Nd1+ 33.
Ke1 Ne3 34. Bxe5 Nd5 35. Kf2 Ne3 36. Ke1 1/2-1/2

[Event "XXVI Ogolnopolska Olimpiada Mlodziezy"]
[Site "Pulawy"]
[Date "2020.10.06"]
[Round "2.5"]
[White "Gaszka, Zuzanna"]
[Black "Lewicka, Joanna"]
[Result "1-0"]
[WhiteElo "1417"]
[BlackElo "1243"]
[PlyCount "99"]
[EventDate "2020.10.04"]
[EventType "swiss"]
[Tiebreak "Sum of Buchholz+Median1 Buchholz+Sonneborn-Berger (Swiss)"]

1. e4 e5 2. Nf3 Nc6 3. Bc4 Bc5 4. c3 Nf6 5. d3 d6 6. Bb3 Bg4 7. O-O h6 8. Re1
O-O 9. Nbd2 Ne7 10. h3 Be6 11. Bc2 Ng6 12. d4 exd4 13. cxd4 Bb6 14. Nf1 Nh5 15.
e5 dxe5 16. Bxg6 fxg6 17. Rxe5 Bd5 18. N1h2 Qd6 19. Qe2 Bxf3 20. Nxf3 Bxd4 21.
Qc4+ Rf7 22. Qxd4 Rd7 23. Qxd6 cxd6 24. Rd5 Nf6 25. Rd4 d5 26. Be3 Kf8 27. Ne5
Rc7 28. Nxg6+ Kf7 29. Nf4 Rd8 30. Rad1 Rc2 31. Nxd5 Nxd5 32. Rxd5 Rxd5 33. Rxd5
Rxb2 34. Rd7+ Kg8 35. Bd4 Rb1+ 36. Kh2 g5 37. Bxa7 b5 38. Rb7 Ra1 39. Rb8+ Kf7
40. Rxb5 Rxa2 41. Be3 Ra6 42. Rb6 Rxb6 43. Bxb6 Kg6 44. Kg3 Kf5 45. f3 Kg6 46.
h4 Kh5 47. hxg5 hxg5 48. Be3 g4 49. fxg4+ Kg6 50. Kh4 1-0

[Event "XXVI Ogolnopolska Olimpiada Mlodziezy"]
[Site "Pulawy"]
[Date "2020.10.06"]
[Round "2.5"]
[White "Maslanka, Wojciech"]
[Black "Dziewonski, Dariusz"]
[Result "0-1"]
[WhiteElo "1824"]
[BlackElo "2014"]
[PlyCount "144"]
[EventDate "2020.10.04"]
[EventType "swiss"]
[Tiebreak "Sum of Buchholz+Median1 Buchholz+Sonneborn-Berger (Swiss)"]

1. e4 c5 2. Nf3 e6 3. d4 cxd4 4. Nxd4 Nf6 5. Nc3 Nc6 6. Nxc6 bxc6 7. Be2 Qc7 8.
O-O Bc5 9. Qd3 O-O 10. Kh1 a5 11. Bg5 Ba6 12. Qd2 Bxe2 13. Qxe2 Bd4 14. Rad1
Bxc3 15. bxc3 Qe5 16. Bxf6 Qxf6 17. e5 Qe7 18. Rd6 f6 19. Rfd1 Ra7 20. Kg1 fxe5
21. Qxe5 Rb7 22. Qd4 Qf6 23. Qxf6 Rxf6 24. Rxd7 Rb2 25. f3 h6 26. R7d6 Rxc2 27.
Rxc6 Rxa2 28. Ra6 e5 29. Ra8+ Kh7 30. Rad8 e4 31. R8d2 Rxd2 32. Rxd2 exf3 33.
gxf3 Rxf3 34. Ra2 Rf5 35. Kg2 Kg6 36. Ra4 Kf6 37. h4 Ke6 38. Rd4 Rc5 39. Rg4 g5
40. Ra4 Rf5 41. Kg3 Kd6 42. c4 gxh4+ 43. Kxh4 h5 44. Kg3 Rc5 45. Kf3 Ke5 46.
Ke3 h4 47. Ra1 h3 48. Ra2 Kd6 49. Kf2 Rh5 50. Kg1 h2+ 51. Kh1 Kc6 52. Ra4 Kb6
53. Ra3 Ka6 54. Ra2 Rh3 55. Ra1 Rc3 56. Kxh2 Rxc4 57. Kg3 Re4 58. Kf3 Re5 59.
Kf4 Re8 60. Rb1 a4 61. Rb4 Ka5 62. Rb7 a3 63. Ra7+ Kb4 64. Rb7+ Kc3 65. Ra7 Kb2
66. Rb7+ Ka1 67. Kf3 Re1 68. Kf2 Rb1 69. Rc7 a2 70. Ke3 Kb2 71. Rb7+ Kc3 72.
Rc7+ Kb4 0-1